Комплексная программа научно-технического прогресса СССР на 1991-2010 годы (по пятилетиям). Концепция регионального раздела 4.10: Комплексная программа научно-технического прогресса Латвийской ССР (Запись № 6985201)

Подробности
000 -МАРКЕР
контрольное поле 01639nam2a22002411 4500
001 - ИДЕНТИФИКАТОР ЗАПИСИ
контрольное поле rc\627677
005 - ИДЕНТИФИКАТОР ВЕРСИИ
контрольное поле 20250621232810.0
035 ## - ДРУГИЕ СИСТЕМНЫЕ НОМЕРА
Идентификатор записи (NLR Aleph) 005976622
100 ## - ДАННЫЕ ОБЩЕЙ ОБРАБОТКИ
Данные общей обработки 20070321d1986 |||y0rusy50 ca
101 0# - ЯЗЫК РЕСУРСА
Язык текста, звукозаписи и т.д. русский
102 ## - СТРАНА ПУБЛИКАЦИИ ИЛИ ПРОИЗВОДСТВА
Страна публикации Российская Федерация
105 ## - ПОЛЕ КОДИРОВАННЫХ ДАННЫХ: ТЕКСТОВЫЕ МАТЕРИАЛЫ, МОНОГРАФИЧЕСКИЕ
Кодированные данные о монографическом текстовом документе y |||||||||
200 1# - ЗАГЛАВИЕ И СВЕДЕНИЯ ОБ ОТВЕТСТВЕННОСТИ
Основное заглавие Комплексная программа научно-технического прогресса Латвийской ССР
Первые сведения об ответственности Респ. науч. совет по пробл. науч.-техн. и соц.-экон. прогнозирования при Президиуме АН ЛатвССР и Госплане ЛатвССР, Головная орг. Респ. науч. совета - Ин-т экономики АН ЛатвССР
210 ## - ПУБЛИКАЦИЯ, РАСПРОСТРАНЕНИЕ И ДР.
Дата издания, распространения и т.д. 1986
Место издания, распространения и т.д. Б. м.
215 ## - ФИЗИЧЕСКАЯ ХАРАКТЕРИСТИКА
Специфическое обозначение материала и объем 72 с.
333 ## - ПРИМЕЧАНИЯ ОБ ОСОБЕННОСТЯХ РАСПРОСТРАНЕНИЯ И ИСПОЛЬЗОВАНИЯ
Текст примечания ДСП. Экз. № 000008
461 #0 - УРОВЕНЬ НАБОРА
Встроенное поле 001rc\1188612
-- 2001#$aКомплексная программа научно-технического прогресса СССР на 1991-2010 годы (по пятилетиям)$fАН СССР, Гос. ком. СССР по науке и технике$vКонцепция регионального раздела 4.10
Системный номер (АБИС) связанной записи 6957187
Место публикации М.
Дата публикации 1986
Первые сведения об ответственности АН СССР, Гос. ком. СССР по науке и технике
Имя издателя, распространителя и т.д. ВИНИТИ
Заглавие Комплексная программа научно-технического прогресса СССР на 1991-2010 годы (по пятилетиям)
Номер тома Концепция регионального раздела 4.10
801 #0 - ИСТОЧНИК ЗАПИСИ
Страна Российская Федерация
Организация NLR
Правила каталогизации psbo
801 #1 - ИСТОЧНИК ЗАПИСИ
Страна Российская Федерация
Организация ELAR
Источник данных rusmarc
852 ## - МЕСТОНАХОЖДЕНИЕ И ШИФР ХРАНЕНИЯ
Идентификатор организации NLR
Шифр хранения (Call Number) 86-50К/9576
942 ## - ДОПОЛНИТЕЛЬНЫЕ ЭЛЕМЕНТЫ ЗАПИСИ (АБИС)
Тип экземпляра АБИС Книга
980 ## - КОЛЛЕКЦИЯ
Название коллекции Национальная библиография
Экземпляры
Тип экземпляра Дата поступления Библиотека постоянного хранения Библиотека текущего хранения Место хранения Шифр хранения Штрих-код Статус экземпляра
Книга 26.10.2013 РНБ (Московский) РНБ (Московский) Фонд литературы для служебного пользования 86-50К/9576 5976622-10